000 00953nam a22002891a 4500
001 016056571
003 Uk
005 20130930151104.0
007 ta
008 121204s2002 njua b 001 0 eng d
010 _a2001036431
020 _a9780131228573 (pbk.)
020 _a0131228579 (pbk.)
082 0 4 _a660.63
_223
_bSHU
100 1 _aShuler, Michael L.,
_d1947-
_933821
245 1 0 _aBioprocess engineering :
_bbasic concepts /
_cMichael L. Shuler, Fikret Kargi.
250 _a2nd ed.
260 _aUpper Saddle River, NJ :
_bPrentice Hall,
_c2002.
300 _axx, 553 p. :
_bill. ;
_c24 cm.
490 0 _aPrentice-Hall international series in the physical and chemical engineering sciences
500 _a"International edition"--Cover.
504 _aIncludes bibliographical references and index.
650 0 _aBiochemical engineering.
_919460
653 _bChe
_cSeptember2013
700 1 _aKargı, Fikret.
_933822
942 _2ddc
_cBB
999 _c17575
_d17547